ბათუმის შოთა რუსთაველის სახელმწიფო უნივერსიტეტის ბიბლიოთეკა

სხვადასხვა სახის საკვების გავლენა კუჭის სეკრეციულ მოქმედებაზე და მათი გამოყენება (ბიბ.ჩანაწერი № 62858)

000 -ლიდერი
ფიქსირებული სიგრძის საკონტროლო ველი 00912nam a22001937a 4500
003 - საკონტროლო ნომრის იდენტიფიკატორი
საკონტროლო ველი Ge_BSU
005 - ბოლო ოპერაციის თარიღი და დრო
საკონტროლო ველი 20250311110152.0
008 - ფიქსირებული სიგრძის მონაცემთა ელემენტები - ზოგადი ინფორმაცია
ფიქსირებული სიგრძის საკონტროლო ველი 250311s1996 ge ||||| |||| 00| 0 geo d
041 ## - ენის კოდი
Language code of text/sound track or separate title geo
080 ## - უნივერსალური ათობითი კლასიფიკაციის ინდექსი
Universal Decimal Classification number 616.3 მ-43
100 ## - მთავარი ჩანაწერი - პიროვნების სახელი
Personal name მაჭარაშვილი, ჯ.
9 (RLIN) 24507
245 ## - ცნობა სათაურის შესახებ
Title სხვადასხვა სახის საკვების გავლენა კუჭის სეკრეციულ მოქმედებაზე და მათი გამოყენება
Statement of responsibility, etc ჯ. მაჭარაშვილი.
264 ## - წარმოების, გამოცემის, დისტრიბუციის და სხვა ცნობები
გამოცემის, წარმოების, დისტრიბუციის... ადგილი თბილისი :
გამოცემის, წარმოების, დისტრიბუციის... სახელწოდება ბიომედგამი,
გამოცემის, წარმოების, დისტრიბუციის... თარიღი 1996 .
300 ## - ფიზიკური აღწერა
Extent 142 გვ.;
Other physical details 20 სმ.
653 ## - INDEX TERM--UNCONTROLLED
Uncontrolled term საჭმლის მომნელებელი სისტემა
653 ## - INDEX TERM--UNCONTROLLED
Uncontrolled term გასტროენტეროლოგია
653 ## - INDEX TERM--UNCONTROLLED
Uncontrolled term მედიცინა
942 ## - ADDED ENTRY ELEMENTS (KOHA)
Source of classification or shelving scheme
Koha item type წიგნი
ეგზემპლარები
ჩამოწერის სტატუსი დაკარგული ეგზემპლარის სტატუსი კლასიფიკაციის წყარო ან თაროზე გაწყობის სქემა დაზიანების სტატუსი არ გაიცემა მუდმივი მდებარეობა (დაცვის ადგილი) ამჟამინდელი ადგილსამყოფელი თაროზე განთავსების ადგილი შეძენის თარიღი ღირებულება, შესყიდვის ნორმალური ფასი სრული შენახვის შიფრი შტრიხკოდი ბოლო ოპერაციის თარიღი ეგზემპლარის მიმდევრობითი ნომერი (კეტერი?) ფასის ძალაში შესვლის თარიღი ეგზემპლარის სახეობა საჯარო შენიშვნა
          ბათუმის შოთა რუსთაველის სახელმწიფო უნივერსიტეტის მთავარი ბიბლიოთეკა ბათუმის შოთა რუსთაველის სახელმწიფო უნივერსიტეტის მთავარი ბიბლიოთეკა წიგნსაცავი 2025-03-11 4.00 616.3 მ-43 70805 2025-03-11 70805 2025-03-11 წიგნი 4 ლ.